F1 pilotes 2024 - Statistiques

Statistiques générales
  • Ce quiz a été pris 81 fois
  • Le résultat moyen est 19 sur 25
Statistiques - réponses
Réponse % Correct
Mercedes Lewis Hamilton
99%
Red bull Max Verstappen
99%
Ferrari Charles Leclerc
97%
Esteban Ocon
94%
Oscar Piastri
94%
Alpine Pierre Gasly
94%
McLaren Lando Norris
93%
Carlos Sainz
92%
Sergio Perez
90%
Aston Martin Fernando Alonso
89%
George Russell
89%
Lance Stroll
85%
Yuki Tsunoda
82%
Valterri Bottas
76%
Alexander Albon
72%
Nico Hülkenberg
71%
Oliver Bearman
69%
Oliver Bearman
69%
Racing bulls Daniel Ricciardo
65%
Haas Kevin Magnussen
61%
Liam Lawson
61%
Jack Doohan
60%
Williams Logan Sargeant
50%
Franco Colapinto
47%
Kick sauber Zhou Guanyu
33%
Aucun quiz correspondant
Distribution des résultats
% des personnes avec chaque résultat
Percentile par nombre de réponses
Votre historique - résultats
Vous n’avez pas pris ce quiz